Poisson point processes: imaging, tracking and sensing (Record no. 11881)

000 -LEADER
fixed length control field 01238cam a22003377a 4500
001 - CONTROL NUMBER
control field 8576270
005 - DATE AND TIME OF LATEST TRANSACTION
control field 20170105102350.0
006 - FIXED-LENGTH DATA ELEMENTS--ADDITIONAL MATERIAL CHARACTERISTICS
fixed length control field m d
007 - PHYSICAL DESCRIPTION FIXED FIELD--GENERAL INFORMATION
fixed length control field cr n
008 - FIXED-LENGTH DATA ELEMENTS--GENERAL INFORMATION
fixed length control field 100927s2010 nyua sb 001 0 eng d
016 7# - NATIONAL BIBLIOGRAPHIC AGENCY CONTROL NUMBER
Record control number 015760224
Source Uk
020 ## - INTERNATIONAL STANDARD BOOK NUMBER
International Standard Book Number 9781441969224 (alk. paper)
020 ## - INTERNATIONAL STANDARD BOOK NUMBER
International Standard Book Number 1441969225 (alk. paper)
020 ## - INTERNATIONAL STANDARD BOOK NUMBER
International Standard Book Number 9781441969231 (eISBN
035 ## - SYSTEM CONTROL NUMBER
System control number (WaSeSS)ssj0000450115
040 ## - CATALOGING SOURCE
Original cataloging agency BTCTA
Language of cataloging eng
Transcribing agency BTCTA
Modifying agency YDXCP
-- CDX
-- JHE
-- GZQ
-- VRC
-- UKMGB
-- DLC
-- WaSeSS
042 ## - AUTHENTICATION CODE
Authentication code lccopycat
082 04 - DEWEY DECIMAL CLASSIFICATION NUMBER
Classification number 519.23
Edition number 22
100 1# - MAIN ENTRY--PERSONAL NAME
Personal name Streit, Roy L.
210 10 - ABBREVIATED TITLE
Abbreviated title Poisson point processes
245 10 - TITLE STATEMENT
Title Poisson point processes: imaging, tracking and sensing
Remainder of title imaging, tracking and sensing
Statement of responsibility, etc. Roy L. Streit.
260 ## - PUBLICATION, DISTRIBUTION, ETC.
Place of publication, distribution, etc. New York :
Name of publisher, distributor, etc. Springer,
Date of publication, distribution, etc. c2010.
300 ## - PHYSICAL DESCRIPTION
Extent xiii, 273 p.
Dimensions 24 cm.
504 ## - BIBLIOGRAPHY, ETC. NOTE
Bibliography, etc. note Includes bibliographical references (p. 265-270) and index.
506 ## - RESTRICTIONS ON ACCESS NOTE
Terms governing access License restrictions may limit access.
650 #0 - SUBJECT ADDED ENTRY--TOPICAL TERM
Topical term or geographic name entry element Poisson processes.
773 #0 - HOST ITEM ENTRY
Title SpringerLink ebooks - Engineering (2010)
856 40 - ELECTRONIC LOCATION AND ACCESS
Uniform Resource Identifier <a href="http://www.columbia.edu/cgi-bin/cul/resolve?clio8576270">http://www.columbia.edu/cgi-bin/cul/resolve?clio8576270</a>
Public note Full text available from SpringerLink ebooks - Engineering (2010)
910 ## - USER-OPTION DATA (OCLC)
User-option data Library of Congress record
942 ## - ADDED ENTRY ELEMENTS (KOHA)
Source of classification or shelving scheme
Koha item type Book
Holdings
Withdrawn status Lost status Damaged status Not for loan Collection code Permanent Location Current Location Shelving location Date acquired Source of acquisition Cost, normal purchase price Total Checkouts Full call number Barcode Date last seen Date last checked out Price effective from Koha item type
          Central Library (CL) Central Library (CL) General Stacks 06/01/2013 Progressive International Agencies 9718.49 1 519.23 STR SEECS012406 01/20/2014 01/20/2014 06/06/2013 Book
© 2023 Central Library, National University of Sciences and Technology. All Rights Reserved.